|
|
|
|
| LEADER |
00000nam a22000007i 4500 |
| 001 |
IT\ICCU\UPO\0005079 |
| 003 |
ItRI |
| 005 |
20260115232125.0 |
| 008 |
230308s2023 it |||||| ||||| |||||c |
| 020 |
|
|
|a 9788862887915
|
| 040 |
|
|
|b ita
|c importazione bologna sebina
|
| 041 |
|
7 |
|a ita
|2 ISO-639-2
|
| 082 |
|
|
|a 306.8743
|9 RELAZIONI TRA MADRE E FIGLI
|2 23
|
| 100 |
1 |
|
|a Blanc, Aurélia
|0 IT\ICCU\UPOV\000661
|
| 240 |
1 |
0 |
|a Tu seras un homme - féministe - mon fils!
|3 IT\ICCU\UPO\0005081
|9 Blanc, Aurélia
|
| 245 |
1 |
0 |
|a Crescere un figlio femminista :
|b manuale di educazione antisessista per figli maschi /
|c Aurélia Blanc ; a cura di Manuela Usai ; traduzione Federico Simonti.
|
| 260 |
|
|
|a Città di Castello :
|b Odoya,
|c 2023
|
| 300 |
|
|
|a 270 p. ;
|c 21 cm
|
| 650 |
|
7 |
|a Figli
|x Educazione [da parte delle] Madri
|x Effetti [del] Femminismo
|
| 700 |
1 |
|
|a Simonti, Federico
|0 IT\ICCU\LO1V\388003
|4 trl
|
| 700 |
1 |
|
|a Usai, Manuela
|0 IT\ICCU\UPOV\000662
|4 edt
|
| 830 |
|
0 |
|a Odoya off
|0 IT\ICCU\RT1\0167736
|
| 942 |
|
|
|2 ddc
|c BK
|n 0
|
| 952 |
|
|
|0 0
|1 0
|4 0
|6 DOC_305_420000000000000_BLA
|7 0
|9 20485
|a BO
|b BO
|d 2026-01-15
|i 20301
|l 0
|o DOC 305.42 BLA
|p BO20301
|r 2026-01-15 23:21:25
|w 2026-01-15
|x [Sebina 5] [1 v.]
|y BK
|z 1 v.
|
| 999 |
|
|
|c 17485
|d 17485
|